000 00389nam a2200133Ia 4500
008 260604s9999 xx 000 0 und d
020 _a9781035323913
082 _a001.4 LIN
100 _aLINDGREEN [A.]
_935449
245 0 _aHOW TO FAST-TRACK YOUR ACADEMIC CAREER: A GUIDE FOR MID-CAREER SCHOLARS: SECOND
260 _bEDWARD ELGAR
500 _aResearch, Fast-track, Career
942 _cBK
999 _c8269
_d8269